| 000 | 00556nam a22002297a 4500 | ||
|---|---|---|---|
| 005 | 20250505163837.0 | ||
| 008 | 250429b1995 |||||||| |||| 00| 0 spa d | ||
| 020 | _a9789681851798 | ||
| 041 | _aESP | ||
| 082 | _aR 658.03 D791d | ||
| 100 | _aDrovetta, Mabel Susana | ||
| 245 | _aDiccionario de administración y ciencias afines | ||
| 260 | _aMéxico | ||
| 260 | _bLimusa | ||
| 260 | _c1995 | ||
| 300 | _a224 páginas | ||
| 650 | _aDICCIONARIOS | ||
| 650 | _aADMINISTRACIÓN | ||
| 650 | _aCIENCIAS AFINES | ||
| 942 |
_2ddc _cREF |
||
| 999 |
_c13803 _d13803 |
||